Представление документа в формате RUSMARC

ПолеНазваниеЗначение
  Тип записи a
  Библиографический уровень m
001 Контрольный номер UONB/MAIN/25f5f5d08d534edfbb5575945b0217c7
005 Дата корректировки 20260414130551.1
010 Индекс ISBN __
b Уточнения в пер.
d Цена 2 р.
100 Данные общей обработки __
a Данные общей обработки 20260413d1900 u y0rusy0189 ca
101 Язык документа 0_
a Язык текста rus
102 Страна публикации __
a Страна публикации RU
105 Кодированные данные (монография) __
a Кодированные данные (монография) a z 000yy
200 Заглавие и сведения об ответственности 1_
a Заглавие История крепостного права в России
f Первые сведения об ответственности И. Е. Энгельман
g Последующие сведения об ответственности перевод с немецкого В. Щербы
g Последующие сведения об ответственности под редакцией и с предисловием Ал. Кизеветтера
203 Вид содержания и тип средства __
a Вид содержания Текст
b Характеристика содержания визуальный
c Тип средства непосредственный
210 Выходные данные 1_
a Место издания Москва
c Издательство С. Скирмунт
d Дата издания 1900
215 Физическое описание __
a Объем VIII, 442 с.
d Формат 19 см
606 Тематические рубрики 0_
a Основная рубрика Крепостное право в Росссии
x Основная подрубрика Отмена
610 Ключевые слова 0_
a Ключевые слова крепостное право в России; отмена крепостного права
686 Индексы других классификаций __
2 Код системы rubbk
a Классификационный индекс 63.3(2)522-210.6
700 Автор _1
a Фамилия Энгельман
b Имя (инициалы) И. Е.
g Полное личное имя Иван Егорович
f Даты 1832-1912
702 Вторичная интеллектуальная ответственность _1
a Фамилия Щерба
b Имя (инициалы) В.
4 Код отношения 730
702 Вторичная интеллектуальная ответственность _1
a Фамилия Кизеветтер
b Имя (инициалы) А.
4 Код отношения 340
4 Код отношения 080
801 Источник записи _0
a Страна RU
b Организация Ульяновская ОНБ
c Дата составления 20260413
g Правила каталогизации RCR
801 Источник записи _1
a Страна RU
b Организация Ульяновская ОНБ
c Дата составления 20260413
g Правила каталогизации RCR
901 Тип документа __
t Тип документа m
909 Создатель записи __
a Создатель записи Моргунова
b Дата создания записи 20260413